Quizzes
Events
Quiz Creation
Community
Videos
Private Events
Remove Ads
Sign In
Join for FREE
Feedback
Dark Mode
Quiz Categories
Sports
Geography
Music
Movies
Television
Just For Fun
Miscellaneous
History
Literature
Language
Science
Gaming
Entertainment
Religion
Holiday
For Kids
Quiz Lab
Recent
Popular Today
Quiz Kudos Today
Editor Picks
Curator Picks
Quizzes by...
Day
Popularity
Type
Ratings
Length
Year
Community
Subscriptions
Recent Discussions
Orange Saloon
Badges
Playlists
Quests
Create
Leaderboards
Showdown
Live 5
Trivia Bingo
Activity
Puzzle Library
Sporcle Events
Private Events
Virtual Trivia
Globe League
Become a Host
Pub Owners
SporcleCon
Opinionation
Our Games
Videos
Blog
Mobile Apps
Partnerships
Remove Ads and Go Orange
Feedback
Geography
Country
Landmarks
City
State
Population
World
Capital
Continent
Flags
Europe
Africa
Asia
South America
North America
Oceania
Border
Canada
United Kingdom
Topography
United States
Geography
Country
Landmarks
City
State
Population
World
Capital
Continent
Flags
Europe
Africa
Asia
South America
North America
Oceania
Border
Canada
United Kingdom
Topography
United States
Random Quiz
Search Sporcle
×
Quiz Lab
Quiz Lab
Geography
Population
Type in answers that appear in a list
Type in answers that appear in a list
Classic
Best Score? Go Orange.
Biggest Eastern US Cities Stats
Can you name the 25 most populated cities in the Eastern United States(east of the Mississippi River)?
By
Unidentifiedkiwi
7m
25 Questions
6,085 Plays
6,085 Plays
6,085 Plays
Comments
Comments
Give Quiz Kudos
Give Quiz Kudos
-
- Ratings
hide this ad
Replay
Link that replays current quiz
Next Quiz
Link to next quiz in quiz playlist
You Got
0%
They Got
Avg Score
84%
Avg Friend Score
Upgrade to see
Score Distribution
Jump to the score distribution portion of the page
Score
0/25
Timer
07:00
0
Plays Today
Rank
City
% Correct
1
New York, New York
99.7%
22
Boston, Massachusetts
96.6%
6
Philadelphia, Pennsylvania
95.8%
43
Miami, Florida
95.8%
3
Chicago, Illinois
95.6%
33
Atlanta, Georgia
93.2%
11
Detroit, Michigan
90.2%
41
Cleveland, Ohio
89.6%
27
Washington, DC
89.6%
60
Pittsburgh, Pennsylvania
89.5%
20
Baltimore, Maryland
88.8%
26
Nashville, Tennessee
87.5%
13
Jacksonville, Florida
87.4%
Rank
City
% Correct
16
Columbus, Ohio
86.7%
14
Indianapolis, Indiana
85.5%
19
Memphis, Tennessee
85.2%
56
Cincinnati, Ohio
84%
53
Tampa, Florida
83.6%
18
Charlotte, North Carolina
82.9%
45
Raleigh, North Carolina
78.8%
30
Louisville, Kentucky
74.8%
59
New Orleans, Louisiana
73.5%
23
Milwaukee, Wisconsin
67.9%
42
Virginia Beach, Virginia
63%
62
Toledo, Ohio
45.3%
Quiz Playlist
Details
Report
Send in Message
Add To Playlist
Classic:
Type in answers that appear in a list
Quiz Source
Last Updated: Jul 13, 2017
Quiz Scoreboard
CHALLENGE
Sign Up to Join the Scoreboard
Show All
Scores
Hide
Comments
May contain spoilers
Recently Published
An Introduction to Baseball
by treessimontrees
Sports
5m
Movies - When Are They Set?
by FPL_Elf
Movies
5m
Popular People in 1961
by mucciniale
History
6m
More to Explore
Quiz From the Vault
Featured Blog Post
Where Did the Easter Bunny Come From?
hide this ad
You Might Also Like...
Tags
City Quiz
Population Quiz
State Quiz
United States Quiz
biggest
east
Eastern
mississippi
Mississippi River
River
United
Today's Top Quizzes in Geography
Browse Geography
hide this ad
Today's Top Quizzes in Population
Browse Population
Top Contributed Quizzes in Geography
1
Countries of the World - No Outlines Minefield
2
Top 25 Cities of France on a map
3
Closest Countries to UK A-Z
4
Any capital of a 'B' country per Continent
5
One Thing in Common: United Kingdom
6
Find the Provinces of Canada - No Outlines Minefield
7
Any capital of a 'C' country per Continent
8
Blind Secret Country CLXXXVIII
9
Find the US States - No Outlines
10
Any capital of a 'D' country per Continent
Explore More
Trending Topics
Kpop
Marvel
Disney
NBA
Anime
Crossword
Harry Potter
NFL
Country
WWE
Puzzle
Soccer
The Office
Pokémon
Song
hide this ad
More By:
Unidentifiedkiwi
Quiz
Plays
Rating
Category
Featured
Created
Largest Western US Cities
337,720
4.40
Geography
Oct 1, 2009
US Cities on a Map
334,315
4.34
Geography
Aug 16, 2012
'M' World Metros
313,201
4.40
Geography
Sep 28, 2009
'B' World Metros
310,344
4.25
Geography
Sep 28, 2009
'S' World Metros
282,303
4.10
Geography
Oct 7, 2009
Go to Creator's Profile
Score Distribution
Quiz Creator Spotlight
Unidentifiedkiwi
Follow
Send a Message
Quizzes Created
-
Created Quiz Play Count
-
More By This Creator
Popular Quizzes Today
1
Find the Countries of Europe - No Outlines Minefield
2
Find the US States - No Outlines Minefield
3
The Countries of the World
4
Popular People in 1961
5
US States
6
Find the US States
7
1-10 Letter E Words III
8
Risky Map Clicking: Biggest States A-Z
More Geography Quizzes
Interstates Coast-to-Coast
Published
Trending Quizzes
Risky Map Clicking: Least Populous States A-Z
1-10 Letter F Words
1-10 Letter G Words
One Thing in Common: United Kingdom
Risky Map Clicking: Next State Alphabetically
Recently Updated
Leaping Animals
pecheneg
Reality TV Shows (A-Z)
bhenderson79
Rickey Henderson's Hall of Fame Teammates
pecheneg
Champions League XIs: Arsenal
pecheneg
Quick Pick: Celebrities in WWE's Hall of Fame
aduchscher
A-Z Keypad Blitz II
pecheneg
Multiple Oscar Actors
pecheneg
Mystery Phrase Blitz: Oscar 'Best Actors'
pecheneg
F. Scott Fitzgerald Novels
LTH
Pick 3 Villains
ddd62291
Trending Topics
Harry Potter
Crossword
Disney
Kpop
NBA
Marvel
Anime
NFL
Country
The Office
Puzzle
WWE
Soccer
Pokémon
Song
Your Account Isn't Verified!
In order to create a playlist on Sporcle, you need to verify the email address you used during registration. Go to your
Sporcle Settings
to finish the process.
Report this User
Report this user for behavior that violates our
Community Guidelines
.
Details:
Send Report
Go to the Sporcle.com Mobile Site →
Comments